LEADER 01084nam--2200373---450- 001 990003379660203316 005 20100527155621.0 035 $a000337966 035 $aUSA01000337966 035 $a(ALEPH)000337966USA01 035 $a000337966 100 $a20100315d1975----km-y0itay50------ba 101 $aita 102 $aIT 105 $a||||||||001yy 200 1 $aSalerno$eappunti per una interpretazione geografica della città$eprimi risultati di una ricerca$fMario Cataudella, Tullio D'Aponte 210 $aSalerno$cIstituto di Geografia$d1975 215 $a1 v.$d24 cm$e6 c. ripieg. 410 0$12001 454 1$12001 461 1$1001-------$12001 606 0 $aSalerno$2BNCF 676 $a945.74 700 1$aCATAUDELLA,$bMario$0439686 701 1$aD'APONTE,$bTullio$0276274 801 0$aIT$bsalbc$gISBD 912 $a990003379660203316 951 $aIII L CAT 2$b8728 DBC$cII L 959 $aBK 969 $aDBC 979 $aDBC$b90$c20100315$lUSA01$h1446 979 $aDBC$b90$c20100527$lUSA01$h1556 996 $aSalerno$91127461 997 $aUNISA LEADER 03461oam 2200781 c 450 001 9910476917403321 005 20260302090207.0 010 $a3-8467-6080-3 024 7 $a10.30965/9783846760802 035 $a(CKB)4100000011250067 035 $a(OCoLC)1183351051 035 $a(nllekb)BRILL9783846760802 035 $a(Brill | Fink)9783846760802 035 $a(oapen)https://directory.doabooks.org/handle/20.500.12854/68041 035 $a(MiAaPQ)EBC31216998 035 $a(Au-PeEL)EBL31216998 035 $a(oapen)doab68041 035 $a(OCoLC)1317440536 035 $a(EXLCZ)994100000011250067 100 $a20260302d2020 uy 0 101 0 $ager 135 $aurun####uuuua 181 $ctxt$2rdacontent 182 $cc$2rdamedia 183 $2rdacarrier 200 10$aAus der Welt gefallen$eDie Geographie der Verschollenen$fKristina Kuhn, Wolfgang Struck 205 $a1st ed. 210 $aPaderborn$cBrill | Fink$d2020 215 $a1 online resource 311 08$a3-7705-6080-9 320 $aIncludes bibliographical references and index. 327 $aCopyright page -- null -- Prolog"und bringst mir Kunde" -- Zur Einfu?hrung*Anmerkung zum vorigen Briefe -- Kapitel 1 Eine fast verschollene Tat -- Kapitel 2 Deutsche Wege nach Timbuktu -- Kapitel 3 Allbewandert, Unbewandert -- Kapitel 4 Verlorene So?hne -- Kapitel 5 Eine Karte des Verschwindens -- Kapitel 6 Noch einmal: Heinrich Barths Einzug in Timbuktu, oder Wie man eine Wu?ste belebt -- Kapitel 7 "My heart is in the highlands!" - Ein Nachruf auf die Verschollenen -- EpilogVom Verschwinden des Menschen: Ein Kartenspiel -- -- Dank -- Literatur -- Abbildungen. 330 $aIm Archiv des Gothaer Perthes Verlages lagern Materialien, die ein Wissen von der Welt modellieren, so wie es die Fachzeitschrift "Petermanns Geographische Mitteilungen" im 19. Jahrhundert ihrem europaweiten Publikum präsentierte. Das Archiv versam-melt Korrespondenzen und Karten, wissensgeschichtlich spannungsvolles, multimedial angelegtes Material, und verwaltet Geschichten des Verschollengehens als gleichermaßen literar-ische wie nationenbildende Ereignisse. Zwischen Philologie, Wissens- und Kulturgeschichte angesiedelt, rekonstruiert das Buch eine Kunst des Verschollengehens, die im 19. Jahrhundert Geographie, Kartographie und realistische Literatur gleichermaßen fasziniert. 606 $aGeographiegeschichte 606 $aKartographie 606 $aPerthes-Archiv Gotha 606 $aAugust Petermann 606 $aEpistemologie 606 $aZeitschriftenliteratur 606 $aRealismus 606 $aHistory of Geography 606 $aCartography 606 $aPerthes-Archive Gotha 606 $aEpistemology 606 $aPeriodicals 606 $aRealism 615 4$aGeographiegeschichte 615 4$aKartographie 615 4$aPerthes-Archiv Gotha 615 4$aAugust Petermann 615 4$aEpistemologie 615 4$aZeitschriftenliteratur 615 4$aRealismus 615 4$aHistory of Geography 615 4$aCartography 615 4$aPerthes-Archive Gotha 615 4$aEpistemology 615 4$aPeriodicals 615 4$aRealism 676 $a410.9 700 $aKuhn$b Kristina$4aut$0968448 702 $aStruck$b Wolfgang$4aut 801 0$bNL-LeKB 801 1$bNL-LeKB 906 $aBOOK 912 $a9910476917403321 996 $aAus der Welt gefallen$92199545 997 $aUNINA